000 00411nam a22001697a 4500
003 NUST - PNEC
005 20170116180914.0
008 150903b xxu||||| |||| 00| 0 eng d
020 _a-
040 _cLIBRARY
082 _a532 KUM
100 _97271
_aKumar, K. L.
245 _aEngineering fluid mechanics
_cK. L. Kumar
260 _c1976
650 _97274
_aMechanical Engineering
_xME
942 _2ddc
_cBK
999 _c65374
_d65374